[Event "Oberliga Ost A 2016 2017"]
[Site "Germany"]
[Date "2017.04.23"]
[Round "9.3"]
[White "Melamed, Tatjana"]
[Black "Gehmlich, Marcel"]
[Result "1/2-1/2"]
[WhiteElo "2318"]
[BlackElo "2194"]
[PlyCount "113"]
[EventDate "2016.10.16"]
[EventType "team-tourn"]
[EventCountry "GER"]
[WhiteTeam "Magdeburg SG Aufbau Elbe"]
[BlackTeam "Dresden SG Gruen Weiss"]
[WhiteTeamCountry "GER"]
[BlackTeamCountry "GER"]

1. e4 c5 2. Nf3 e6 3. g3 d5 4. exd5 exd5 5. d4 Nf6 6. Bg2 Qe7+ 7. Be3 Ng4 8.
O-O Nxe3 9. fxe3 Be6 10. Nc3 Nc6 11. e4 dxe4 12. Nxe4 cxd4 13. Nxd4 O-O-O 14.
Nxc6 bxc6 15. Qf3 Qb4 16. Kh1 Be7 17. Rae1 Rd7 18. Nc3 Rc7 19. Re4 Qb6 20. b4
Rd8 21. a3 Rd2 22. Re2 Rd4 23. Rfe1 a5 24. b5 cxb5 25. Qa8+ Kd7 26. Nd5 Rxd5
27. Bxd5 Rc8 28. Bxe6+ fxe6 29. Rd2+ Bd6 30. Qe4 Qc6 31. Kg2 Ke7 32. Qxc6 Rxc6
33. Re3 e5 34. Red3 Ke6 35. Kf3 Be7 36. Re2 a4 37. Rde3 Bd6 38. Rd2 Rc4 39. Ke2
Bc5 40. Red3 e4 41. Rd8 e3 42. Re8+ Kf7 43. Rxe3 Bxe3 44. Kxe3 Ke6 45. Kd3 Kd5
46. c3 Rc7 47. Rf2 Rd7 48. Rf5+ Kc6+ 49. Kc2 g6 50. Rf8 Re7 51. Kd2 Kd5 52. Kd3
Re1 53. Rd8+ Kc6 54. Rc8+ Kd5 55. Rd8+ Kc6 56. Rc8+ Kd5 57. Rd8+ 1/2-1/2

[Event "Oberliga Ost A 2016 2017"]
[Site "Germany"]
[Date "2017.04.23"]
[Round "9.4"]
[White "Nake, Matthias"]
[Black "Schoene, Maria"]
[Result "0-1"]
[WhiteElo "2217"]
[BlackElo "2273"]
[PlyCount "68"]
[EventDate "2016.10.16"]
[EventType "team-tourn"]
[EventCountry "GER"]
[WhiteTeam "Dresden SG Gruen Weiss"]
[BlackTeam "Magdeburg SG Aufbau Elbe"]
[WhiteTeamCountry "GER"]
[BlackTeamCountry "GER"]

1. e4 c5 2. c4 Nc6 3. g3 g6 4. Bg2 Bg7 5. Ne2 e6 6. O-O Nge7 7. Nbc3 d6 8. Rb1
O-O 9. d3 Rb8 10. a3 b6 11. b4 Bb7 12. b5 Nd4 13. Bg5 Qd7 14. Qd2 f5 15. Bxe7
Qxe7 16. f4 Rbe8 17. Kh1 Bf6 18. Nxd4 Bxd4 19. Ne2 Bf6 20. Ng1 Qg7 21. h3 Bd4
22. Ne2 e5 23. Nxd4 cxd4 24. Rbe1 Kh8 25. Kh2 Re7 26. Re2 Ref7 27. a4 g5 28.
exf5 Rxf5 29. Be4 gxf4 30. gxf4 Bxe4 31. Rxe4 Qh6 32. Qg2 exf4 33. Qf3 Qg7 34.
Qf2 Qg3+ 0-1

[Event "Oberliga Ost A 2016 2017"]
[Site "Germany"]
[Date "2017.04.23"]
[Round "9.5"]
[White "Andre, Gordon"]
[Black "Hutsch, Oliver"]
[Result "1-0"]
[WhiteElo "2235"]
[BlackElo "2119"]
[PlyCount "89"]
[EventDate "2016.10.16"]
[EventType "team-tourn"]
[EventCountry "GER"]
[WhiteTeam "Magdeburg SG Aufbau Elbe"]
[BlackTeam "Dresden SG Gruen Weiss"]
[WhiteTeamCountry "GER"]
[BlackTeamCountry "GER"]

1. d4 Nf6 2. c4 e6 3. Nf3 b6 4. a3 Bb7 5. Nc3 Be7 6. d5 d6 7. e4 e5 8. Bd3 Nbd7
9. O-O Nf8 10. Bc2 Ng6 11. Ba4+ Nd7 12. b4 O-O 13. Bc6 Qc8 14. Qa4 Nf6 15. Ne1
a5 16. b5 Rb8 17. Nd3 Qg4 18. f3 Qh5 19. Bxb7 Rxb7 20. Qc2 Rbb8 21. Ne2 Nh4 22.
Ng3 Qg6 23. Qe2 Nh5 24. Nxh5 Qxh5 25. g3 Ng6 26. Ra2 f5 27. f4 Qxe2 28. Rxe2
fxe4 29. Rxe4 Bf6 30. a4 exf4 31. Nxf4 Nxf4 32. Bxf4 Rbe8 33. Rfe1 Rxe4 34.
Rxe4 Kf7 35. Kg2 g5 36. Bd2 Re8 37. Rxe8 Kxe8 38. Kf3 Kf7 39. Ke4 Kg6 40. g4
Bb2 41. Be1 Ba3 42. h4 Bb2 43. c5 Bf6 44. h5+ Kf7 45. c6 1-0

[Event "Oberliga Ost A 2016 2017"]
[Site "Germany"]
[Date "2017.04.23"]
[Round "9.6"]
[White "Kunze, Christopher"]
[Black "Roseneck, Jonas"]
[Result "1-0"]
[WhiteElo "2085"]
[BlackElo "2011"]
[PlyCount "65"]
[EventDate "2016.10.16"]
[EventType "team-tourn"]
[EventCountry "GER"]
[WhiteTeam "Dresden SG Gruen Weiss"]
[BlackTeam "Magdeburg SG Aufbau Elbe"]
[WhiteTeamCountry "GER"]
[BlackTeamCountry "GER"]

1. e4 c5 2. c4 Nc6 3. Nc3 Nf6 4. g3 a6 5. Bg2 Rb8 6. a4 e6 7. Nge2 Nb4 8. d4 d5
9. Bf4 Ra8 10. exd5 exd5 11. cxd5 Nfxd5 12. Nxd5 Nxd5 13. Be5 c4 14. Nc3 Be6
15. O-O f6 16. Nxd5 Bxd5 17. Re1 Be7 18. Bc7 Qxc7 19. Bxd5 Rd8 20. Qh5+ g6 21.
Qf3 Kf8 22. Re6 Rd6 23. Rae1 Rxe6 24. Rxe6 Kg7 25. Bxb7 Rd8 26. Qe4 Bf8 27.
Bxa6 Qa7 28. d5 Bc5 29. Qf4 Bd4 30. d6 Qc5 31. Re7+ Kg8 32. Qh6 Bxf2+ 33. Kf1
1-0

[Event "Oberliga Ost A 2016 2017"]
[Site "Germany"]
[Date "2017.04.23"]
[Round "9.7"]
[White "Lopez Rojas, Jeffrey"]
[Black "Butscher, Daniel"]
[Result "1-0"]
[WhiteElo "2119"]
[BlackElo "2035"]
[PlyCount "85"]
[EventDate "2016.10.16"]
[EventType "team-tourn"]
[EventCountry "GER"]
[WhiteTeam "Magdeburg SG Aufbau Elbe"]
[BlackTeam "Dresden SG Gruen Weiss"]
[WhiteTeamCountry "GER"]
[BlackTeamCountry "GER"]

1. d4 Nf6 2. Nf3 d5 3. c4 e6 4. g3 Be7 5. Bg2 O-O 6. O-O dxc4 7. Qc2 a6 8. a4
Bd7 9. Qxc4 Bc6 10. Bf4 Bd6 11. Bg5 Nbd7 12. Rd1 h6 13. Bd2 Qe7 14. Nc3 Rfd8
15. Qa2 b5 16. a5 Rac8 17. Rac1 b4 18. Na4 Bd5 19. b3 Ne4 20. Be3 c5 21. Nd2
cxd4 22. Bxd4 Rxc1 23. Rxc1 Bc5 24. Bxe4 Bxd4 25. Bxd5 exd5 26. Nf3 Ba7 27. Rc7
Bb8 28. Rc6 Qe4 29. Rxa6 Rc8 30. Qd2 Qb1+ 31. Kg2 Qxb3 32. Nb6 Nxb6 33. Rxb6
Ba7 34. Rxb4 Qa3 35. Rb7 Qc5 36. e3 Rd8 37. Qb4 Qxb4 38. Rxb4 Rd6 39. Nd4 Bc5
40. Rb8+ Kh7 41. Rc8 Bb4 42. Nc6 Bc3 43. a6 1-0

[Event "Oberliga Ost A 2016 2017"]
[Site "Germany"]
[Date "2017.04.23"]
[Round "9.8"]
[White "Rudolf, Matthias"]
[Black "Rothe, Guido"]
[Result "0-1"]
[WhiteElo "2069"]
[BlackElo "2157"]
[PlyCount "66"]
[EventDate "2016.10.16"]
[EventType "team-tourn"]
[EventCountry "GER"]
[WhiteTeam "Dresden SG Gruen Weiss"]
[BlackTeam "Magdeburg SG Aufbau Elbe"]
[WhiteTeamCountry "GER"]
[BlackTeamCountry "GER"]

1. e4 e5 2. Nf3 Nc6 3. d4 exd4 4. Nxd4 Bc5 5. Nb3 Bb6 6. Nc3 Qf6 7. Qe2 Nge7 8.
Be3 d6 9. O-O-O Be6 10. Kb1 O-O-O 11. f4 Rhe8 12. Bxb6 axb6 13. Qd2 d5 14. e5
Qg6 15. Nb5 f6 16. exf6 Qxf6 17. Bd3 d4 18. Be4 Bxb3 19. axb3 Nf5 20. Bxf5+
Qxf5 21. Qd3 Qxf4 22. Qh3+ Kb8 23. Qxh7 Qg5 24. Qd3 Re5 25. Na3 Rde8 26. Rd2
Re3 27. Qc4 Re1+ 28. Rd1 Rxh1 29. Rxh1 Qxg2 30. Rd1 Qxh2 31. Nb5 Rd8 32. Qf7
Qe5 33. Rg1 Qxb5 0-1

[Event "Oberliga Ost A 2016 2017"]
[Site "Germany"]
[Date "2017.04.23"]
[Round "9.1"]
[White "Hoepfl, Thomas"]
[Black "Jahnel, Guenther"]
[Result "1/2-1/2"]
[WhiteElo "2288"]
[BlackElo "2270"]
[PlyCount "37"]
[EventDate "2016.10.16"]
[EventType "team-tourn"]
[EventCountry "GER"]
[WhiteTeam "Halle USV"]
[BlackTeam "Hoyerswerda FVS ASP"]
[WhiteTeamCountry "GER"]
[BlackTeamCountry "GER"]

1. e4 d6 2. d4 Nf6 3. Nc3 g6 4. Be3 c6 5. Qd2 b5 6. Bd3 Bg7 7. h3 Nbd7 8. Nf3
Qc7 9. O-O O-O 10. Ne2 e5 11. c3 Re8 12. Ng3 a6 13. Bh6 Bh8 14. Rfe1 Nf8 15.
Rad1 Be6 16. b3 Rad8 17. Ng5 Bc8 18. Nf3 Ne6 19. Bc2 1/2-1/2

[Event "Oberliga Ost A 2016 2017"]
[Site "Germany"]
[Date "2017.04.23"]
[Round "9.2"]
[White "Kesik, Klaus Dieter"]
[Black "Puls, Thomas"]
[Result "1/2-1/2"]
[WhiteElo "2220"]
[BlackElo "2208"]
[PlyCount "67"]
[EventDate "2016.10.16"]
[EventType "team-tourn"]
[EventCountry "GER"]
[WhiteTeam "Hoyerswerda FVS ASP"]
[BlackTeam "Halle USV"]
[WhiteTeamCountry "GER"]
[BlackTeamCountry "GER"]

1. e4 c5 2. b3 Nc6 3. Bb2 d6 4. Bb5 Bd7 5. Nf3 Nf6 6. Bxc6 Bxc6 7. d3 e5 8. O-O
Be7 9. Nbd2 O-O 10. Nc4 Qc7 11. Ne3 Bd7 12. h3 b6 13. Nh2 Rae8 14. Nhg4 Nxg4
15. Nxg4 Bg5 16. Ne3 Bxe3 17. fxe3 f5 18. exf5 Rxf5 19. Rxf5 Bxf5 20. e4 Be6
21. Qe2 Rf8 22. Rf1 Rxf1+ 23. Qxf1 Qf7 24. Qxf7+ Kxf7 25. a4 a5 26. Kf2 Kf6 27.
Bc1 Bf7 28. Be3 d5 29. exd5 Bxd5 30. g3 h6 31. Kf1 Bc6 32. Kf2 Bd5 33. Kf1 Bc6
34. Kf2 1/2-1/2

[Event "Oberliga Ost A 2016 2017"]
[Site "Germany"]
[Date "2017.04.23"]
[Round "9.3"]
[White "Hartge, Gedeon"]
[Black "Graf, Roland"]
[Result "1/2-1/2"]
[WhiteElo "2089"]
[BlackElo "2140"]
[PlyCount "27"]
[EventDate "2016.10.16"]
[EventType "team-tourn"]
[EventCountry "GER"]
[WhiteTeam "Halle USV"]
[BlackTeam "Hoyerswerda FVS ASP"]
[WhiteTeamCountry "GER"]
[BlackTeamCountry "GER"]

1. d4 Nf6 2. c4 g6 3. Nf3 Bg7 4. Nc3 d5 5. e3 O-O 6. Be2 c5 7. O-O cxd4 8. exd4
Nc6 9. h3 dxc4 10. Bxc4 b6 11. Re1 Bb7 12. Bf4 Rc8 13. Bb3 Nb4 14. Be5 1/2-1/2

[Event "Oberliga Ost A 2016 2017"]
[Site "Germany"]
[Date "2017.04.23"]
[Round "9.4"]
[White "Boehm, Robert"]
[Black "Reipsch, Jens"]
[Result "1/2-1/2"]
[WhiteElo "2133"]
[BlackElo "2222"]
[PlyCount "35"]
[EventDate "2016.10.16"]
[EventType "team-tourn"]
[EventCountry "GER"]
[WhiteTeam "Hoyerswerda FVS ASP"]
[BlackTeam "Halle USV"]
[WhiteTeamCountry "GER"]
[BlackTeamCountry "GER"]

1. d4 Nf6 2. c4 c5 3. d5 b5 4. cxb5 a6 5. b6 Qxb6 6. Nc3 d6 7. e4 g6 8. Nf3 Bg7
9. Be2 O-O 10. O-O a5 11. Re1 Nfd7 12. Qc2 Ba6 13. Be3 Bxe2 14. Rxe2 Na6 15.
Na4 Qb5 16. Nc3 Qb6 17. Na4 Qb5 18. Nc3 1/2-1/2

[Event "Oberliga Ost A 2016 2017"]
[Site "Germany"]
[Date "2017.04.23"]
[Round "9.5"]
[White "Altstadt, Karl Simon"]
[Black "Schuh, Ruediger"]
[Result "1/2-1/2"]
[WhiteElo "2002"]
[BlackElo "2026"]
[PlyCount "27"]
[EventDate "2016.10.16"]
[EventType "team-tourn"]
[EventCountry "GER"]
[WhiteTeam "Halle USV"]
[BlackTeam "Hoyerswerda FVS ASP"]
[WhiteTeamCountry "GER"]
[BlackTeamCountry "GER"]

1. e4 e5 2. Nf3 Nf6 3. Nxe5 d6 4. Nf3 Nxe4 5. c4 d5 6. Nc3 Nf6 7. d4 Be7 8. Bd3
O-O 9. O-O Nc6 10. h3 Nb4 11. Be2 dxc4 12. Bxc4 a6 13. a3 Nbd5 14. Re1 1/2-1/2

[Event "Oberliga Ost A 2016 2017"]
[Site "Germany"]
[Date "2017.04.23"]
[Round "9.6"]
[White "Kregelin, Jan"]
[Black "Groebel, Aaron"]
[Result "1/2-1/2"]
[WhiteElo "2101"]
[BlackElo "1926"]
[PlyCount "25"]
[EventDate "2016.10.16"]
[EventType "team-tourn"]
[EventCountry "GER"]
[WhiteTeam "Hoyerswerda FVS ASP"]
[BlackTeam "Halle USV"]
[WhiteTeamCountry "GER"]
[BlackTeamCountry "GER"]

1. d4 Nf6 2. c4 e5 3. dxe5 Ng4 4. Bf4 g5 5. Bg3 Bg7 6. Nf3 Nc6 7. Nc3 Ngxe5 8.
Nxe5 Nxe5 9. e3 d6 10. Be2 Be6 11. Rc1 Qd7 12. Bxe5 Bxe5 13. O-O 1/2-1/2

[Event "Oberliga Ost A 2016 2017"]
[Site "Germany"]
[Date "2017.04.23"]
[Round "9.7"]
[White "Hartwig, Maik"]
[Black "Brechlin, Olaf"]
[Result "1/2-1/2"]
[WhiteElo "2088"]
[BlackElo "1928"]
[PlyCount "32"]
[EventDate "2016.10.16"]
[EventType "team-tourn"]
[EventCountry "GER"]
[WhiteTeam "Halle USV"]
[BlackTeam "Hoyerswerda FVS ASP"]
[WhiteTeamCountry "GER"]
[BlackTeamCountry "GER"]

1. d4 d5 2. Nf3 Bf5 3. e3 e6 4. Bd3 Bxd3 5. Qxd3 c6 6. Nbd2 Nd7 7. O-O Ngf6 8.
e4 dxe4 9. Nxe4 Nxe4 10. Qxe4 Nf6 11. Qe2 Bd6 12. Bg5 h6 13. Bh4 g5 14. Bg3
Bxg3 15. hxg3 Qd5 16. Qe5 Qxe5 1/2-1/2

[Event "Oberliga Ost A 2016 2017"]
[Site "Germany"]
[Date "2017.04.23"]
[Round "9.8"]
[White "Grohmann, Alexander"]
[Black "Hentzgen, Thomas"]
[Result "1/2-1/2"]
[WhiteElo "1801"]
[BlackElo "2061"]
[PlyCount "37"]
[EventDate "2016.10.16"]
[EventType "team-tourn"]
[EventCountry "GER"]
[WhiteTeam "Hoyerswerda FVS ASP"]
[BlackTeam "Halle USV"]
[WhiteTeamCountry "GER"]
[BlackTeamCountry "GER"]

1. d4 Nf6 2. Nf3 g6 3. c4 Bg7 4. Nc3 d6 5. e4 O-O 6. Be2 e5 7. O-O Nc6 8. d5
Ne7 9. Ne1 Ne8 10. Be3 f5 11. f3 f4 12. Bf2 g5 13. b4 h5 14. c5 Ng6 15. a4 Rf7
16. Nd3 Bf8 17. a5 Rg7 18. Nb5 a6 19. Na3 1/2-1/2

[Event "Oberliga Ost A 2016 2017"]
[Site "Germany"]
[Date "2017.04.23"]
[Round "9.1"]
[White "Kuchynka, Lukas"]
[Black "Richter, Leonard"]
[Result "1/2-1/2"]
[WhiteElo "2260"]
[BlackElo "2282"]
[PlyCount "66"]
[EventDate "2016.10.16"]
[EventType "team-tourn"]
[EventCountry "GER"]
[WhiteTeam "Magdeburg SV Rochade"]
[BlackTeam "Leipzig SG"]
[WhiteTeamCountry "GER"]
[BlackTeamCountry "GER"]

1. b3 Nf6 2. Bb2 e6 3. e3 Be7 4. Nf3 c5 5. c4 O-O 6. Be2 b6 7. O-O Bb7 8. Nc3
d5 9. cxd5 exd5 10. d4 Nbd7 11. Rc1 Rc8 12. Qd3 a6 13. Qf5 b5 14. dxc5 Nxc5 15.
Rfd1 Qa5 16. Ng5 g6 17. Qh3 h5 18. g4 Nxg4 19. Bxg4 Bxg5 20. Bxc8 Bxc8 21. Qg3
Bf6 22. Nxd5 Bxb2 23. Rxc5 Bg4 24. f3 Be6 25. Nf4 Qb6 26. Nxe6 Qxe6 27. e4 Qb6
28. Qf2 Ba3 29. Rcd5 Qc6 30. Kh1 Be7 31. Rd7 Qf6 32. Kg2 Rc8 33. R1d2 Bc5
1/2-1/2

[Event "Oberliga Ost A 2016 2017"]
[Site "Germany"]
[Date "2017.04.23"]
[Round "9.2"]
[White "Schubert, Thomas"]
[Black "Tuma, Jakub"]
[Result "1/2-1/2"]
[WhiteElo "2362"]
[BlackElo "2261"]
[PlyCount "114"]
[EventDate "2016.10.16"]
[EventType "team-tourn"]
[EventCountry "GER"]
[WhiteTeam "Leipzig SG"]
[BlackTeam "Magdeburg SV Rochade"]
[WhiteTeamCountry "GER"]
[BlackTeamCountry "GER"]

1. d4 Nf6 2. Nf3 g6 3. Bg5 Bg7 4. Nbd2 c5 5. e3 cxd4 6. exd4 O-O 7. Be2 d5 8.
c3 Ne4 9. Bf4 Nc6 10. Qb3 Nxd2 11. Bxd2 Na5 12. Qd1 Nc4 13. Bc1 Bf5 14. O-O Qb6
15. Qb3 Qc6 16. a4 Rfc8 17. Re1 e6 18. Nh4 Be4 19. f3 Bf6 20. fxe4 Bxh4 21. g3
Bf6 22. Bf3 a6 23. Kg2 b5 24. exd5 exd5 25. axb5 axb5 26. Rxa8 Rxa8 27. Bf4 g5
28. Bc1 Ra1 29. Kf2 Qd7 30. Qc2 b4 31. Qe2 bxc3 32. bxc3 Qf5 33. g4 Qd7 34.
Qe8+ Qxe8 35. Rxe8+ Kg7 36. Re1 Nb6 37. Bd2 Ra3 38. Ke2 Bd8 39. Kd3 h6 40. Rb1
Ra5 41. Be1 Kf6 42. Bg3 Ra3 43. Bd6 Ra2 44. Bc5 Na4 45. Bxd5 Nxc5+ 46. dxc5
Rxh2 47. Rb8 Ba5 48. c4 Ke5 49. Ra8 Rh3+ 50. Ke2 Ra3 51. Bxf7 Bb4 52. Re8+ Kf6
53. c6 Ra7 54. Bd5 Re7+ 55. Rxe7 Kxe7 56. Kd3 Kd6 57. Ke4 Ke7 1/2-1/2

[Event "Oberliga Ost A 2016 2017"]
[Site "Germany"]
[Date "2017.04.23"]
[Round "9.3"]
[White "Bednar, Marcel"]
[Black "Boehnisch, Manfred"]
[Result "1/2-1/2"]
[WhiteElo "2282"]
[BlackElo "2302"]
[PlyCount "43"]
[EventDate "2016.10.16"]
[EventType "team-tourn"]
[EventCountry "GER"]
[WhiteTeam "Magdeburg SV Rochade"]
[BlackTeam "Leipzig SG"]
[WhiteTeamCountry "GER"]
[BlackTeamCountry "GER"]

1. Nf3 d5 2. g3 c6 3. Bg2 Bf5 4. d3 Nd7 5. Nbd2 e5 6. e4 dxe4 7. dxe4 Be6 8.
Qe2 f6 9. O-O Bc5 10. Rd1 Ne7 11. Nc4 O-O 12. Be3 Bxe3 13. Nxe3 Qb6 14. c3 Rfd8
15. Nh4 a5 16. Nhf5 Nxf5 17. exf5 Bf7 18. Nc4 Qa6 19. Bf1 Nc5 20. b3 b5 21.
Rxd8+ Rxd8 22. Rd1 1/2-1/2

[Event "Oberliga Ost A 2016 2017"]
[Site "Germany"]
[Date "2017.04.23"]
[Round "9.4"]
[White "Solberg, Joachim"]
[Black "Jaeger, Dominik"]
[Result "1/2-1/2"]
[WhiteElo "2222"]
[BlackElo "2280"]
[PlyCount "57"]
[EventDate "2016.10.16"]
[EventType "team-tourn"]
[EventCountry "GER"]
[WhiteTeam "Leipzig SG"]
[BlackTeam "Magdeburg SV Rochade"]
[WhiteTeamCountry "GER"]
[BlackTeamCountry "GER"]

1. e4 c5 2. c3 Nf6 3. e5 Nd5 4. Nf3 Nc6 5. d4 cxd4 6. cxd4 d6 7. Bc4 Nb6 8. Bb5
dxe5 9. Nxe5 Bd7 10. Bxc6 Bxc6 11. Nxc6 bxc6 12. O-O g6 13. Be3 Bg7 14. Qc2 O-O
15. Rd1 Nd5 16. Nc3 Nxe3 17. fxe3 e5 18. d5 Qb6 19. Kh1 Rac8 20. e4 cxd5 21.
Rxd5 Rc4 22. Rad1 Rb8 23. b3 Rc6 24. Qd2 Rbc8 25. Rd3 Qa5 26. Nd5 Qxd2 27.
R3xd2 Kf8 28. Nb4 Rc1 29. g3 1/2-1/2

[Event "Oberliga Ost A 2016 2017"]
[Site "Germany"]
[Date "2017.04.23"]
[Round "9.5"]
[White "Niering, Martin"]
[Black "Rausch, Stephan"]
[Result "1-0"]
[WhiteElo "2226"]
[BlackElo "2277"]
[PlyCount "57"]
[EventDate "2016.10.16"]
[EventType "team-tourn"]
[EventCountry "GER"]
[WhiteTeam "Magdeburg SV Rochade"]
[BlackTeam "Leipzig SG"]
[WhiteTeamCountry "GER"]
[BlackTeamCountry "GER"]

1. e4 e6 2. d4 d5 3. Nc3 Bb4 4. e5 c5 5. a3 Bxc3+ 6. bxc3 Ne7 7. a4 b6 8. Bb5+
Bd7 9. Bd3 Nbc6 10. Nf3 h6 11. O-O Na5 12. Re1 cxd4 13. cxd4 Nc4 14. Nd2 Nxd2
15. Bxd2 Nc6 16. Qg4 Qe7 17. Qxg7 O-O-O 18. Qg4 Rdg8 19. Qf4 Rg7 20. Re3 h5 21.
h3 h4 22. a5 Rhg8 23. Bf1 b5 24. a6 Qd8 25. Rc3 Qb6 26. Rc5 Kd8 27. Qxh4+ Ke8
28. Qf4 Nb8 29. Ba5 1-0

[Event "Oberliga Ost A 2016 2017"]
[Site "Germany"]
[Date "2017.04.23"]
[Round "9.6"]
[White "Liedtke, Matthias"]
[Black "Stolz, Mike"]
[Result "1/2-1/2"]
[WhiteElo "2261"]
[BlackElo "2319"]
[PlyCount "22"]
[EventDate "2016.10.16"]
[EventType "team-tourn"]
[EventCountry "GER"]
[WhiteTeam "Leipzig SG"]
[BlackTeam "Magdeburg SV Rochade"]
[WhiteTeamCountry "GER"]
[BlackTeamCountry "GER"]

1. e4 e5 2. Nf3 Nf6 3. d4 Nxe4 4. dxe5 d5 5. Nbd2 Nxd2 6. Qxd2 Be7 7. Qf4 Qd7
8. Bd3 Qg4 9. O-O Qxf4 10. Bxf4 Nc6 11. c3 Bg4 1/2-1/2

[Event "Oberliga Ost A 2016 2017"]
[Site "Germany"]
[Date "2017.04.23"]
[Round "9.7"]
[White "Waechter, Nathalie"]
[Black "Hoffmann, Hendrik"]
[Result "1/2-1/2"]
[WhiteElo "1974"]
[BlackElo "2298"]
[PlyCount "170"]
[EventDate "2016.10.16"]
[EventType "team-tourn"]
[EventCountry "GER"]
[WhiteTeam "Magdeburg SV Rochade"]
[BlackTeam "Leipzig SG"]
[WhiteTeamCountry "GER"]
[BlackTeamCountry "GER"]

1. d4 d5 2. Nf3 Nf6 3. c4 dxc4 4. e3 e6 5. Bxc4 c5 6. O-O Nc6 7. Nc3 Be7 8.
dxc5 O-O 9. Qe2 Bxc5 10. Rd1 Qc7 11. a3 a6 12. b4 Ba7 13. Bb2 e5 14. Nd5 Nxd5
15. Bxd5 Bg4 16. Qc4 Bxf3 17. Bxf3 Rac8 18. Bxc6 Bb8 19. Qg4 bxc6 20. Rd7 Qb6
21. Rad1 c5 22. Bc3 cxb4 23. Bxb4 Rfd8 24. Qc4 Qf6 25. Be7 Qxe7 26. Qxc8 Rxc8
27. Rxe7 Bd6 28. Rd7 Bxa3 29. Rd8+ Rxd8 30. Rxd8+ Bf8 31. Ra8 g6 32. e4 Kg7 33.
Kf1 h5 34. Ke2 Bc5 35. Rxa6 Bd4 36. f3 Bg1 37. h3 Bd4 38. g3 Bb2 39. Kd3 Bd4
40. Ke2 Bb2 41. f4 h4 42. f5 gxf5 43. exf5 hxg3 44. Kf3 e4+ 45. Kxg3 Be5+ 46.
Kg4 e3 47. Ra2 Bc3 48. Re2 Bd4 49. Kg5 Bc3 50. Kg4 Bd4 51. Kf4 Kh6 52. Rg2 Kh5
53. Kf3 Kh6 54. Ke4 Bc5 55. Ke5 Be7 56. Rg4 Bg5 57. f6 e2 58. Re4 Kg6 59. Rxe2
Bxf6+ 60. Kf4 Bg5+ 61. Kg3 Bf6 62. Kg4 Bg7 63. Rf2 Bd4 64. Rf3 Bb2 65. h4 Bc1
66. h5+ Kg7 67. Kf5 Bb2 68. Rg3+ Kh6 69. Rb3 Bd4 70. Rb7 Kxh5 71. Rxf7 Kh4 72.
Ke4 Bc5 73. Kf3 Bd6 74. Rg7 Be5 75. Rg4+ Kh5 76. Rc4 Kg6 77. Kg4 Kf6 78. Rc6+
Ke7 79. Kf5 Kd7 80. Rc4 Bh2 81. Rd4+ Kc6 82. Ke6 Kb7 83. Kd7 Bb8 84. Ra4 Ba7
85. Rxa7+ Kxa7 1/2-1/2

[Event "Oberliga Ost A 2016 2017"]
[Site "Germany"]
[Date "2017.04.23"]
[Round "9.8"]
[White "Heistermann, Till"]
[Black "Kahe, Ralph"]
[Result "0-1"]
[WhiteElo "2109"]
[BlackElo "2147"]
[PlyCount "86"]
[EventDate "2016.10.16"]
[EventType "team-tourn"]
[EventCountry "GER"]
[WhiteTeam "Leipzig SG"]
[BlackTeam "Magdeburg SV Rochade"]
[WhiteTeamCountry "GER"]
[BlackTeamCountry "GER"]

1. g3 g6 2. Bg2 Bg7 3. c4 c5 4. Nc3 Nc6 5. a3 d6 6. Nf3 Bd7 7. Rb1 a5 8. O-O
Rb8 9. e3 Bf5 10. d3 Nf6 11. e4 Bg4 12. h3 Bxf3 13. Bxf3 O-O 14. Be3 Ne8 15.
Bg2 Nc7 16. Ne2 Ne6 17. Qd2 b5 18. b3 Ned4 19. Nxd4 Bxd4 20. Bh6 Bg7 21. Be3
Nd4 22. Bxd4 Bxd4 23. Bf3 Qb6 24. Bd1 bxc4 25. dxc4 Kg7 26. Bc2 Ra8 27. Kg2 e5
28. f4 f6 29. h4 h6 30. Rh1 Qc6 31. Kh2 g5 32. hxg5 hxg5 33. fxg5 f5 34. Qe2 f4
35. Rbf1 Qd7 36. gxf4 exf4 37. Qf3 Qe7 38. Rfg1 Rh8+ 39. Kg2 Bxg1 40. Rxg1 Qe5
41. Qd3 f3+ 42. Kf1 Raf8 43. Qd5 f2 0-1

[Event "Oberliga Ost A 2016 2017"]
[Site "Germany"]
[Date "2017.04.23"]
[Round "9.1"]
[White "Schmidt Schaeffer, Sebastian"]
[Black "Schuetze, Norman"]
[Result "1-0"]
[WhiteElo "2383"]
[BlackElo "2322"]
[PlyCount "47"]
[EventDate "2016.10.16"]
[EventType "team-tourn"]
[EventCountry "GER"]
[WhiteTeam "Naumburger SV"]
[BlackTeam "Loeberitz SG"]
[WhiteTeamCountry "GER"]
[BlackTeamCountry "GER"]

1. d4 d5 2. Nf3 Nf6 3. c4 e6 4. Nc3 Bb4 5. e3 O-O 6. Qc2 b6 7. Bd2 Ba6 8. a3
Bxc3 9. Bxc3 Bxc4 10. Bxc4 dxc4 11. Bb4 c5 12. dxc5 b5 13. O-O Qc7 14. a4 a5
15. axb5 Nbd7 16. Ba3 Nxc5 17. Qxc4 Rfc8 18. Rac1 Nfe4 19. Rc2 Qb7 20. Rfc1 Nd6
21. Qe2 Nce4 22. Nd4 Rxc2 23. Qxc2 Nxb5 24. Nxb5 1-0

[Event "Oberliga Ost A 2016 2017"]
[Site "Germany"]
[Date "2017.04.23"]
[Round "9.2"]
[White "Schindler, Christian"]
[Black "Gering, Samuel"]
[Result "1/2-1/2"]
[WhiteElo "2251"]
[BlackElo "2079"]
[PlyCount "56"]
[EventDate "2016.10.16"]
[EventType "team-tourn"]
[EventCountry "GER"]
[WhiteTeam "Loeberitz SG"]
[BlackTeam "Naumburger SV"]
[WhiteTeamCountry "GER"]
[BlackTeamCountry "GER"]

1. d4 g6 2. Nf3 Bg7 3. b3 d6 4. Bb2 c5 5. e3 cxd4 6. exd4 Nf6 7. Be2 O-O 8. O-O
Nc6 9. d5 Nb4 10. c4 Bd7 11. a3 Na6 12. b4 b5 13. Nbd2 Nc7 14. Nb3 bxc4 15.
Bxc4 Bb5 16. Bxb5 Nxb5 17. Qd3 Nc7 18. Bxf6 Bxf6 19. Ra2 Qd7 20. a4 Rfb8 21.
Qc4 Rc8 22. Na5 Qf5 23. Rd2 Ne6 24. Nc6 Nf4 25. Rc1 Qg4 26. Qf1 Qf5 27. Qc4 Qg4
28. Qf1 Qf5 1/2-1/2